[Event "20th Open"]
[Site "Pula CRO"]
[Date "2006.06.19"]
[Round "2"]
[White "Strugnell,C"]
[Black "Kovacevic,A"]
[Result "0-1"]
[WhiteElo "2227"]
[BlackElo "2536"]

1.e4 c5 2.Nf3 d6 3.d4 cxd4 4.Nxd4 Nf6 5.Nc3 a6 6.f3 e6 7.Be3 b5 8.g4 h6 9.Qd2 b4
10.Nce2 e5 11.Nb3 Nc6 12.O-O-O Be6 13.g5 hxg5 14.Bxg5 a5 15.Kb1 Qc7 16.Ng3 Rb8
17.f4 a4 18.Nc1 Nd4 19.b3 Be7 20.h4 Ng4 21.f5 Bd7 22.Bxe7 Kxe7 23.Bd3 Rhc8
24.Nh5 Bb5 25.Ne2 Nf3 26.Qc1 axb3 27.axb3 Nf2 28.Bxb5 Rxb5 29.Rdf1 Qa7 30.f6+ gxf6
31.Rxf2 Ra5 32.Qb2 Ra8  0-1

[Event "Open A"]
[Site "Balatonlelle HUN"]
[Date "2006.06.21"]
[Round "5"]
[White "Schlegl,O"]
[Black "Kozma,E"]
[Result "0-1"]
[WhiteElo "2130"]
[BlackElo "2103"]

1.e4 c5 2.Nf3 d6 3.d4 cxd4 4.Nxd4 Nf6 5.Nc3 a6 6.f3 e5 7.Nb3 Be7 8.Be3 Be6
9.Qd2 O-O 10.O-O-O b5 11.g4 b4 12.Nd5 Bxd5 13.exd5 a5 14.Kb1 Qd7 15.h4 a4
16.Nc1 b3 17.cxb3 axb3 18.a3 Na6 19.g5 Nh5 20.Rg1 Qa4 21.Rg4 Qd7 22.Bxa6 Rxa6
23.Nxb3 Qf5+ 24.Qd3 Qxf3 25.Rb4 Raa8 26.Rb7 Rfe8 27.Ka2 Qh3 28.Qe4 f5 29.Rh1 Ng3
30.Rxh3 Nxe4 31.Nd2 Nxd2 32.Bxd2 f4 33.b4 Rac8 34.Kb3 Kf7 35.h5 Rb8 36.Rc7 Rbc8
37.Rhc3 Rxc7 38.Rxc7 g6 39.Be1 gxh5 40.Bh4 Kg6 41.b5 Bxg5 42.Bxg5 Kxg5 43.b6 f3
44.b7 Rb8  0-1

[Event "Open A"]
[Site "Balatonlelle HUN"]
[Date "2006.06.23"]
[Round "7"]
[White "Enders,P"]
[Black "Czebe,A"]
[Result "1/2-1/2"]
[WhiteElo "2443"]
[BlackElo "2505"]

1.e4 c5 2.Nf3 d6 3.d4 Nf6 4.Nc3 cxd4 5.Nxd4 a6 6.f3 Nc6 7.Be3 d5 8.exd5 Nxd5
9.Nxd5 Qxd5 10.Nxc6 Qxc6 11.Qd4 Bf5 12.Bc4 Rc8 13.Bb3 Qc7 14.Rd1 e6 15.Kf2 e5
16.Qa4+ Qc6 17.Qxc6+ Rxc6 18.c4 Rc8 19.Ba4+ Ke7 20.b3 Be6 21.f4 exf4 22.Bxf4 Kf6
23.Bd7 Bc5+ 24.Kf3 Rcd8 25.Bxe6 Rxd1 26.Rxd1 Kxe6 27.Rd5 Be7 28.g4 Rc8 29.Re5+ Kd7
30.Rh5 h6 31.h4 Rc5 32.Rxc5 Bxc5 33.h5 Ke6 34.Ke4 Bf8 35.Be5 g6 36.Bb2 Be7
37.Bc1 Bf8 38.a4 Bg7 39.b4 Kd6 40.c5+ Kc6 41.Be3 Bf8 42.Kd4 b6 43.cxb6 Bxb4
44.a5 gxh5 45.gxh5 Bxa5 46.Bxh6 Bb4 47.Bg7 Bd2 48.Kd3 Bc1 49.Bd4 Bh6 50.Ke4 a5
51.Kf5 a4 52.Kf6 a3 53.Kxf7 Bc1 54.Bg7 Kxb6 55.h6 Bxh6  1/2-1/2

[Event "II Perla Baltyku"]
[Site "Mielno POL"]
[Date "2006.06.26"]
[Round "7"]
[White "Gosciniak,M"]
[Black "Kusina,J"]
[Result "1/2-1/2"]
[WhiteElo "2034"]
[BlackElo "2128"]

1.e4 c5 2.Nf3 d6 3.d4 cxd4 4.Nxd4 Nf6 5.Nc3 a6 6.f3 e5 7.Nb3 Be6 8.Be3 h5
9.a4 Nbd7 10.a5 Rc8 11.Qd2 Qc7 12.Be2 Be7 13.O-O O-O 14.Rfd1 Rfd8 15.Qe1 Qc6
16.Qg3 d5 17.exd5 Bxd5 18.Bh6 Bf8 19.Bg5 Re8 20.Nxd5 Nxd5 21.c3 Qe6 22.Nc1 Bc5+
23.Kh1 Ne3 24.Bxe3 Bxe3 25.Nd3 Nf6 26.Qh4 Bf4 27.Nxf4 exf4 28.Bd3 Qe5 29.h3 Rcd8
30.Qf2 Nd5 31.Be4 f5 32.Bxd5+ Rxd5 33.Rxd5 Qxd5 34.Re1 Re5 35.Rxe5 Qxe5 36.Qb6 Qe1+
37.Kh2 Qg3+  1/2-1/2

[Event "II Open"]
[Site "Sort ESP"]
[Date "2006.06.26"]
[Round "1"]
[White "Beltre,P"]
[Black "Kohlweyer,B"]
[Result "0-1"]
[WhiteElo "1979"]
[BlackElo "2421"]

1.e4 c5 2.Nf3 d6 3.d4 cxd4 4.Nxd4 Nf6 5.Nc3 a6 6.f3 e6 7.Be3 b5 8.g4 Bb7
9.g5 Nfd7 10.f4 b4 11.Nce2 Bxe4 12.Rg1 Nc5 13.Ng3 Bb7 14.Qd2 d5 15.O-O-O Nbd7
16.Nf3 Qc7 17.Kb1 Ne4 18.Nxe4 dxe4 19.Nd4 O-O-O 20.Qf2 Kb8 21.Nb3 Be7 22.Bg2 Rc8
23.Rd4 f5 24.Rd2 Rhd8 25.Rgd1 Bd5 26.Bf1 Kb7 27.Qe2 Ra8 28.h4 g6 29.Qf2 Rac8
30.Be2 Nc5 31.h5 Nxb3 32.axb3 Rd6 33.hxg6 hxg6 34.Rh1 Qa5 35.Rh7 Rc7 36.Bd4 Rdc6
37.Be5 Bxb3 38.Bxc7 Qa2+  0-1

[Event "White Nights Open"]
[Site "St Petersburg RUS"]
[Date "2006.06.26"]
[Round "4"]
[White "Ryzhkov,Vj"]
[Black "Chuvakov,N"]
[Result "1-0"]
[WhiteElo "2085"]
[BlackElo "1815"]

1.e4 c5 2.Nf3 d6 3.d4 cxd4 4.Nxd4 Nf6 5.Nc3 a6 6.f3 e6 7.Be3 Nc6 8.Qd2 Bd7
9.g4 Nxd4 10.Bxd4 e5 11.Be3 Bc6 12.g5 Nd7 13.Bc4 Qc7 14.O-O-O Nb6 15.Bxb6 Qxb6
16.Nd5 Bxd5 17.Qxd5 Qc7 18.Rd3 Rc8 19.Rc3 Rb8 20.Bb5+  1-0

[Event "White Nights Open"]
[Site "St Petersburg RUS"]
[Date "2006.06.27"]
[Round "5"]
[White "Ezov,R"]
[Black "Korchagina,V"]
[Result "0-1"]
[WhiteElo "2133"]
[BlackElo "1998"]

1.e4 c5 2.Nf3 d6 3.d4 cxd4 4.Nxd4 Nf6 5.Nc3 a6 6.f3 e5 7.Nb3 Be6 8.Be3 Be7
9.Qd2 O-O 10.O-O-O Nbd7 11.g4 b5 12.Qf2 b4 13.Nd5 Bxd5 14.exd5 a5 15.Kb1 a4
16.Nc1 Qa5 17.Bc4 Rfc8 18.b3 Nc5 19.Nd3 axb3 20.Bxb3 Nxb3 21.cxb3 Nxd5  0-1

[Event "II Open"]
[Site "Sort ESP"]
[Date "2006.06.28"]
[Round "3"]
[White "Aroshidze,L"]
[Black "Kohlweyer,B"]
[Result "1/2-1/2"]
[WhiteElo "2498"]
[BlackElo "2421"]

1.e4 c5 2.Nf3 d6 3.d4 cxd4 4.Nxd4 Nf6 5.Nc3 a6 6.f3 e6 7.Be3 b5 8.Qd2 Nbd7
9.g4 Bb7 10.g5 Nh5 11.O-O-O Rc8 12.a3 g6 13.Nb3 Be7 14.Be2 Ne5 15.f4 Nc4
16.Bxc4 Rxc4 17.Rhf1 Ng7 18.Nd4 Qd7 19.f5 exf5 20.exf5 gxf5 21.Qd3 O-O 22.Nxf5 Nxf5
23.Rxf5 Qe6 24.Rdf1 Rxc3 25.Qxc3 Rc8 26.Qd4 Rxc2+ 27.Kxc2 Be4+ 28.Kc1 Bxf5
29.Bd2 Bg6 30.h4 Qb3 31.Qc3 Qa2 32.Kd1 Qb1+ 33.Ke2 Qe4+ 34.Qe3 Qg4+ 35.Ke1 Qxh4+
36.Rf2 Qh1+ 37.Rf1 Qh4+ 38.Rf2 Qh1+  1/2-1/2

[Event "ch-CHN w"]
[Site "Wuxi CHN"]
[Date "2006.06.28"]
[Round "4"]
[White "Wang Yu A"]
[Black "Wang Pin"]
[Result "1/2-1/2"]
[WhiteElo "2390"]
[BlackElo "2393"]

1.e4 c5 2.Nf3 d6 3.d4 cxd4 4.Nxd4 Nf6 5.Nc3 a6 6.Be3 Ng4 7.Bc1 Nf6 8.f3 e6
9.Be3 Be7 10.Qd2 Nc6 11.O-O-O O-O 12.g4 Nd7 13.h4 Nde5 14.Qg2 Nxd4 15.Bxd4 Qc7
16.g5 b5 17.f4 Nc6 18.Bf6 Bb7 19.h5 Kh8 20.Bxe7 Nxe7 21.h6 g6 22.Qd2 Rad8
23.Bg2 d5 24.Qd4+ f6 25.gxf6 Qxf4+ 26.Kb1 Qxf6 27.Qb6 Ba8 28.Rhf1 Qe5 29.exd5 Nxd5
30.Nxd5 Bxd5 31.Rfe1 Qf6 32.Bxd5 exd5 33.Re6 Qh4 34.Qxa6 Qxh6 35.Qxb5 Qg7
36.Qb6 g5 37.a4 g4  1/2-1/2

[Event "White Nights Open"]
[Site "St Petersburg RUS"]
[Date "2006.06.30"]
[Round "8"]
[White "Aseeva,M"]
[Black "Serov,M"]
[Result "0-1"]
[WhiteElo "2131"]
[BlackElo "2263"]

1.e4 c5 2.Nf3 d6 3.d4 cxd4 4.Nxd4 Nf6 5.Nc3 a6 6.f3 e6 7.Be3 b5 8.Qd2 Nbd7
9.Qf2 b4 10.Nc6 Qc7 11.Nxb4 d5 12.Nd3 dxe4 13.fxe4 Bb7 14.Bf4 e5 15.Bg3 Nxe4
16.Nxe4 Bxe4 17.Nxe5 Bb4+ 18.c3 Bxc3+ 19.bxc3 Qxc3+ 20.Qd2 Qxa1+ 21.Kf2 O-O
22.Nxd7 Rfd8 23.Bc7 Bc6 24.Bxd8 Rxd8 25.Bb5 Rxd7 26.Rxa1 Rxd2+ 27.Ke3 Rd6
28.Bf1 g6 29.g3 Bd7 30.Rb1 a5 31.Rb8+ Kg7 32.Ra8 a4 33.a3 Rd1 34.Rd8 Rxf1
35.Rxd7 Rh1 36.Rd2 Rb1 37.Rd3 Kf6 38.Ke4 Ke6 39.Rd4 Rb2 40.Rxa4 Rxh2 41.Ra6+ Ke7
42.a4 h5 43.Ke5 f6+ 44.Kf4 g5+ 45.Kf5 Rf2+ 46.Ke4 Kf7 47.a5 g4 48.Rd6 Ra2
49.Rd5 Kg6 50.Kf4 Ra3 51.Rb5 Rf3+ 52.Ke4 Rxg3 53.Kd5 Ra3  0-1

[Event "II Balazs-Diak Cup U-18"]
[Site "Balatonlelle HUN"]
[Date "2006.07.02"]
[Round "2"]
[White "Szabo,Kr1"]
[Black "Balog,M"]
[Result "1-0"]
[WhiteElo "2469"]
[BlackElo "2225"]

1.e4 c5 2.Nf3 d6 3.d4 cxd4 4.Nxd4 Nf6 5.Nc3 a6 6.f3 e6 7.Be3 Be7 8.Qd2 Nc6
9.g4 O-O 10.O-O-O Nd7 11.h4 Nde5 12.Qg2 Nxd4 13.Bxd4 Nc6 14.Be3 b5 15.g5 Qa5
16.Kb1 b4 17.Ne2 d5 18.exd5 b3 19.cxb3 Nb4 20.a3 Nxd5 21.Bd2 Qb6 22.Nc1 Bb7
23.Bd3 Ne3 24.Bxe3 Qxe3 25.Be4 Bxe4+ 26.fxe4 Rad8 27.Qe2 Qf4 28.Nd3 Qb8 29.b4 a5
30.Nc5 Qa7 31.g6 Rxd1+ 32.Rxd1 Bxc5 33.Qh5 hxg6 34.Qxc5 Qb7 35.bxa5 Qxe4+
36.Ka1 Qe2 37.Rd6 Rb8 38.Qc3 Qh2 39.Rc6 Kh7 40.a6 Qg2 41.Rc7 f6 42.a7 Rd8
43.Rxg7+ Kxg7 44.Qc7+ Kh6 45.Qxd8 Qg1+ 46.Ka2 Qxa7 47.Qh8+  1-0

[Event "ch-CHN w"]
[Site "Wuxi CHN"]
[Date "2006.07.02"]
[Round "7"]
[White "Gu Xiaobing"]
[Black "Huang Qian"]
[Result "1-0"]
[WhiteElo "2371"]
[BlackElo "2391"]

1.e4 c5 2.Nf3 d6 3.d4 cxd4 4.Nxd4 Nf6 5.Nc3 a6 6.Be3 Ng4 7.Bc1 Nf6 8.f3 e5
9.Nb3 Be6 10.Be3 Be7 11.Qd2 Nbd7 12.g4 b5 13.O-O-O b4 14.Ne2 a5 15.Kb1 h6
16.Ng3 a4 17.Nc1 d5 18.exd5 Nxd5 19.Nf5 Bxf5 20.Qxd5 Be6 21.Qe4 Qa5 22.Bb5 Rb8
23.Bxd7+ Bxd7 24.Rd5 Rb5 25.Rhd1 Rxd5 26.Rxd5 Qc7 27.Rxe5 Be6 28.Qa8+ Qd8
29.Qxa4+ Qd7 30.Qa8+ Bd8 31.Bc5 f6 32.Re3 Kf7 33.Rd3 Qb5 34.Bxb4 Qxb4 35.Rxd8 Rxd8
36.Qxd8 Qf4 37.Qd3 Qxh2 38.a4 h5 39.Qh7 h4 40.a5 Qf2 41.a6 Qxf3 42.Qxh4 Bxg4
43.b4 Be6 44.b5 Qa3 45.Qd4 Qa5 46.Qc5 Bd7 47.a7 Be6 48.Kb2 Qd8 49.b6 Bd5
50.Nb3 g5 51.Qc7+ Ke8 52.Nc5  1-0

[Event "Masters"]
[Site "Marseille FRA"]
[Date "2006.07.03"]
[Round "4"]
[White "Sethuraman,S"]
[Black "Czakon,J"]
[Result "0-1"]
[WhiteElo "2231"]
[BlackElo "2486"]

1.e4 c5 2.Nf3 d6 3.d4 cxd4 4.Nxd4 Nf6 5.Nc3 a6 6.f3 e5 7.Nb3 Be7 8.Be3 Be6
9.Qd2 O-O 10.O-O-O Nbd7 11.g4 b5 12.g5 b4 13.Ne2 Ne8 14.f4 a5 15.f5 a4 16.Nbd4 exd4
17.Nxd4 b3 18.Kb1 bxc2+ 19.Nxc2 Bb3 20.axb3 axb3 21.Na3 Ne5 22.h4 Ra4 23.h5 Qa8
24.Qd5 Rxa3 25.bxa3 Qxa3 26.Rh2 b2 27.Rh3 Qa1+ 28.Kc2 Nf6 29.Qb7 Nxe4 30.Bd4 b1=Q+
31.Rxb1 Qxd4 32.Rd1 Qf2+ 33.Kb1 Qxf5  0-1

[Event "Open"]
[Site "Albarino ESP"]
[Date "2006.07.04"]
[Round "2"]
[White "Torrado Quintela,J"]
[Black "Nemeth,F"]
[Result "0-1"]
[WhiteElo "2201"]
[BlackElo "2458"]

1.e4 c5 2.Nf3 d6 3.d4 cxd4 4.Nxd4 Nf6 5.Nc3 a6 6.f3 e5 7.Nb3 Be6 8.Be3 Nbd7
9.Qd2 Be7 10.O-O-O O-O 11.g4 Qc7 12.g5 Nh5 13.Nd5 Bxd5 14.exd5 Nb6 15.Rg1 Nc4
16.Bxc4 Qxc4 17.Rg4 Qc8 18.Qd3 g6 19.h4 Qd7 20.Kb1 Rfc8 21.Na5 Bd8 22.Qd2 Bxa5
23.Qxa5 Qf5 24.Qd2 Qxf3 25.Rg2 Rc4 26.Rf2 Qg3 27.Rdf1 Rf8 28.Rf3 Qxh4 29.Qa5 Nf4
30.b3 Re4 31.Qc7 Rxe3 32.Rxe3 Nxd5  0-1

[Event "COQ"]
[Site "Montreal CAN"]
[Date "2006.07.09"]
[Round "3"]
[White "Ruiz,Se"]
[Black "Masse,H"]
[Result "0-1"]
[WhiteElo "2136"]
[BlackElo "2178"]

1.e4 c5 2.Nf3 d6 3.d4 cxd4 4.Nxd4 Nf6 5.Nc3 a6 6.f3 e5 7.Nb3 Be6 8.Be3 Be7
9.Qd2 O-O 10.O-O-O Nbd7 11.Qf2 b5 12.g4 b4 13.Nd5 Bxd5 14.exd5 a5 15.Kb1 a4
16.Nc1 Ra5 17.Bc4 Qa8 18.Qd2 Rb8 19.h4 Nb6 20.Bxb6 Rxb6 21.h5 Rc5 22.b3 h6
23.Qd3 Nh7 24.f4 exf4 25.Qe4 Bf6 26.Nd3 Rc7 27.Rde1 Re7 28.Qxf4 axb3 29.cxb3 Qd8
30.Rxe7 Qxe7 31.Re1 Qd7 32.Qe4 Rb8 33.Nf2 Ng5 34.Qe3 Be5 35.Bd3 Qb7 36.Rd1 Kf8
37.Bf5 Re8 38.Ne4 Nxe4 39.Qxe4 Bc3 40.Qf3 Qe7 41.Bd3 Qg5 42.Rf1 Bf6 43.Qf4 Qxd5
44.Bc4 Qe5 45.Qxe5 Rxe5 46.Rf5 Rxf5 47.gxf5 Ke7 48.Kc2 Bd4 49.Kd3 Bc5 50.Ke4 Kf6
51.Kf4 g6 52.Be2 Bg1 53.fxg6 fxg6 54.hxg6 Kxg6 55.Bd3+ Kf6 56.Bc4 h5 57.Bd5 h4
58.Bg8 Bf2 59.a4 bxa3 60.b4 h3 61.Kf3 h2 62.Kg2 Bg1 63.b5 Ke5 64.Ba2 Kd4
65.b6 Kc3 66.b7 Ba7 67.Kxh2 Kb2  0-1

[Event "ch-NOR"]
[Site "Moss NOR"]
[Date "2006.07.10"]
[Round "3"]
[White "Sagafos,M"]
[Black "Sahl,Bj"]
[Result "0-1"]
[WhiteElo "2331"]
[BlackElo "2364"]

1.e4 c5 2.Nf3 d6 3.d4 cxd4 4.Nxd4 Nf6 5.Nc3 a6 6.f3 e5 7.Nb3 Be6 8.Be3 Be7
9.Qd2 O-O 10.O-O-O a5 11.Qe1 Qc8 12.a4 Nc6 13.g4 Nb4 14.g5 Nd7 15.Kb1 Qc7
16.Qf2 Rfc8 17.Rd2 b6 18.h4 Qb7 19.Bb5 Rc7 20.h5 Rb8 21.g6 Nf6 22.Bg5 Nxc2
23.gxh7+ Nxh7 24.Bxe7 Na3+ 25.bxa3 Rxc3 26.Bxd6 Rxb3+ 27.Rb2 Rc8 28.Rxb3 Bxb3
29.Rc1 f6 30.Rxc8+ Qxc8 31.Kb2 Bf7 32.Qxb6 Ng5 33.Qxa5 Qe6 34.Qa8+ Kh7 35.Qd5 Qh3
36.Qd3 Nxf3 37.Kc3 Qc8+ 38.Kb4 Ne1 39.Qc3 Nc2+  0-1

[Event "3rd South Wales Int"]
[Site "Caerleon WLS"]
[Date "2006.07.11"]
[Round "5"]
[White "Dunn,Al"]
[Black "Jones,RS"]
[Result "0-1"]
[WhiteElo "2133"]
[BlackElo "2342"]

1.e4 c5 2.Nf3 d6 3.d4 cxd4 4.Nxd4 Nf6 5.Nc3 a6 6.f3 e6 7.Be3 b5 8.g4 h6 9.Qd2 b4
10.Na4 Nbd7 11.O-O-O Ne5 12.b3 Bd7 13.Nb2 d5 14.Bg2 dxe4 15.fxe4 Nfxg4 16.Bf4 Be7
17.Kb1 Ng6 18.e5 N4xe5 19.Bxe5 Nxe5 20.Bxa8 Qxa8 21.Rhe1 Qb8 22.Nf5 exf5
23.Rxe5 Be6 24.Re2 O-O 25.Nd3 a5 26.Rg1 Kh7 27.c4 Rd8 28.Qe3 Bg5 29.Qe5 Qxe5
30.Nxe5 f4 31.Nf3 Bf5+ 32.Kc1 Bf6 33.Rd2 Rxd2 34.Nxd2 Bd4 35.Re1 g5 36.Kd1 Bg4+
37.Kc2 Bf5+ 38.Kd1 g4 39.Re7 Kg6 40.Re8 f3 41.Rd8 Be5 42.Nf1 h5 43.Rd5 Kf6
44.Ke1 h4 45.Rxa5 g3 46.hxg3 hxg3 47.Rxe5 f2+ 48.Ke2 Bd3+ 49.Kf3 Kxe5 50.Nxg3 f1=Q+
51.Nxf1 Bxf1 52.Ke3 f5  0-1

[Event "Open"]
[Site "Kavala GRE"]
[Date "2006.07.11"]
[Round "9"]
[White "Hajnal,Z"]
[Black "De Firmian,N"]
[Result "0-1"]
[WhiteElo "2430"]
[BlackElo "2559"]

1.e4 c5 2.Nf3 d6 3.d4 cxd4 4.Nxd4 Nf6 5.Nc3 a6 6.f3 e5 7.Nb3 Be6 8.Be3 Be7
9.Qd2 O-O 10.O-O-O Nbd7 11.g4 b5 12.g5 b4 13.Ne2 Ne8 14.h4 a5 15.Kb1 a4 16.Nbc1 b3
17.Nc3 bxa2+ 18.N1xa2 Qb8 19.Nd5 Bd8 20.h5 Nc7 21.Bd3 Qb7 22.g6 Nxd5 23.exd5 Bxd5
24.h6 fxg6 25.hxg7 Rf7 26.Qh2 Rxg7 27.Bh6 Rf7 28.Rhg1 Rb8 29.c4 e4 30.fxe4 Bxe4
31.Rge1 Bxd3+ 32.Rxd3 Bf6 33.Rd2 Be5 34.Qe2 Nc5 35.Nc3  0-1

[Event "3rd South Wales Int"]
[Site "Caerleon WLS"]
[Date "2006.07.12"]
[Round "7"]
[White "Dunn,Al"]
[Black "Waterfield,J"]
[Result "1-0"]
[WhiteElo "2133"]
[BlackElo "2060"]

1.e4 c5 2.Nf3 d6 3.d4 cxd4 4.Nxd4 Nf6 5.Nc3 a6 6.f3 e5 7.Nb3 Be6 8.Be3 Nbd7
9.Qd2 b5 10.O-O-O Nb6 11.Na5 Qc7 12.Bxb5+ axb5 13.Nxb5 Qb8 14.Nc6 Rxa2 15.c4 Nxc4
16.Nxb8 Nxd2 17.Bxd2 Bb3 18.Kb1 Bxd1 19.Rxd1 Ra4 20.b3 Rd4 21.Nxd4 exd4 22.Bg5 Nd7
23.Nxd7 Kxd7 24.Rxd4 Be7 25.Bf4 Kc6 26.Rc4+ Kb7 27.b4 Ra8 28.Kb2 Bf6+ 29.Kb3 Be5
30.Bg3 Ra1 31.f4 Bf6 32.Rc2 Rd1 33.e5 dxe5 34.fxe5 Be7 35.e6 Rd3+ 36.Kc4 Rd8
37.exf7 Rf8 38.Kd5 Kb6 39.Ke6  1-0

[Event "ch-NOR"]
[Site "Moss NOR"]
[Date "2006.07.15"]
[Round "9"]
[White "Stubberud,O"]
[Black "Hammer,J"]
[Result "0-1"]
[WhiteElo "2202"]
[BlackElo "2325"]

1.e4 c5 2.Nf3 d6 3.d4 Nf6 4.Nc3 cxd4 5.Nxd4 a6 6.f3 e6 7.Be3 b5 8.Qd2 Nbd7
9.g4 h6 10.Bd3 Bb7 11.O-O-O b4 12.Nce2 d5 13.exd5 Nxd5 14.Nf4 Qa5 15.Bc4 Rc8
16.Bb3 Nc5 17.Kb1 Nxb3 18.Nxb3 Qc7 19.Nxd5 Bxd5 20.Rhf1 Be7 21.Qf2 O-O 22.h4 a5
23.h5 a4 24.Nd4 b3 25.cxb3 axb3 26.a3 Bc4 27.Rg1 Qa5 28.Qd2 Qa4 29.g5 Bxa3
30.bxa3 b2 31.Qb4 Qa6 32.gxh6 e5 33.Rxg7+ Kh8 34.a4 Bd3+ 35.Kxb2 Rb8 36.Nb5 Bxb5
37.Rd6 Bc6  0-1

[Event "Inautomarket Open"]
[Site "Minsk BLR"]
[Date "2006.07.16"]
[Round "7"]
[White "Onischuk,V"]
[Black "Dydyshko,V"]
[Result "0-1"]
[WhiteElo "2411"]
[BlackElo "2575"]

1.e4 c5 2.Nf3 d6 3.d4 cxd4 4.Nxd4 Nf6 5.Nc3 a6 6.f3 e5 7.Nb3 Be6 8.Be3 h5
9.Qd2 Nbd7 10.O-O-O Be7 11.h3 Rc8 12.Be2 h4 13.Kb1 b5 14.Rhe1 Nb6 15.Bxb6 Qxb6
16.f4 O-O 17.Bf3 Rc4 18.Qd3 Rfc8 19.fxe5 dxe5 20.Nd5 Bxd5 21.exd5 Bd6 22.c3 g6
23.Nd2 Rf4 24.Ne4 Nxe4 25.Rxe4 Rxe4 26.Bxe4 Kg7 27.Rf1  0-1

[Event "6th TCh-Euro u18"]
[Site "Balatonlelle HUN"]
[Date "2006.07.17"]
[Round "6"]
[White "Szabo,Kr1"]
[Black "Nechepurenko,R"]
[Result "1/2-1/2"]
[WhiteElo "2467"]
[BlackElo "2463"]

1.e4 c5 2.Nf3 d6 3.d4 cxd4 4.Nxd4 Nf6 5.Nc3 a6 6.f3 e5 7.Nb3 Be6 8.Be3 Nbd7
9.g4 Be7 10.Qd2 b5 11.g5 b4 12.Ne2 Nh5 13.Ng3 Nf4 14.Bxf4 exf4 15.Nh5 O-O
16.h4 Ne5 17.Be2 d5 18.O-O-O dxe4 19.Qxf4 Qc7 20.Qxe4 g6 21.Nf4 Bf5 22.Nd5 Bxe4
23.Nxc7 Rac8 24.fxe4 Rxc7 25.Rd5 Nc4 26.Rh3 Rfc8 27.Bg4 Re8 28.Nd2 Kg7 29.Nxc4 Rxc4
30.Re5 Rc5 31.Rd5 Bf8 32.Rxc5 Bxc5 33.Bf3 Be3+ 34.Kb1 h6 35.gxh6+ Kxh6 36.c3 bxc3
37.bxc3 Bf4 38.Kc2 Rd8 39.Bg4 Be5 40.Rf3 Kg7 41.h5 Rh8 42.hxg6 fxg6 43.Be6 Rf8
44.Rd3 Kf6 45.Bc4 a5 46.Rf3+ Ke7 47.Rh3 Rh8 48.Rd3 Rd8 49.Bd5 g5 50.Rf3 Rf8
51.Rxf8 Kxf8 52.Be6 Ke7 53.Bf5 Kd6 54.Kb3 Kc5 55.a4  1/2-1/2

[Event "Czech Open A"]
[Site "Pardubice CZE"]
[Date "2006.07.22"]
[Round "2"]
[White "Andreev,Ed"]
[Black "Morozov,D"]
[Result "1-0"]
[WhiteElo "2480"]
[BlackElo "2350"]

1.e4 c5 2.Nf3 d6 3.d4 cxd4 4.Nxd4 Nf6 5.Nc3 a6 6.f3 Qb6 7.g4 Nc6 8.Nb3 e6
9.Qe2 Qc7 10.Be3 b5 11.O-O-O Be7 12.Qf2 Nd7 13.Kb1 Bb7 14.g5 Nce5 15.Rg1 b4
16.Ne2 O-O 17.Ned4 Rfc8 18.h4 d5 19.h5 dxe4 20.g6 hxg6 21.f4 Nf3 22.Nxf3 exf3
23.hxg6 fxg6 24.Bd3 Nf8 25.Nd4 Bd5 26.Nxf3 Bf6 27.Ne5 Bxe5 28.fxe5 Qxe5 29.Rdf1 Qc7
30.Qh4 e5 31.Rg3 Ne6 32.Rxg6 Bc4 33.Bxc4 Qxc4 34.Rxg7+ Kxg7 35.Qf6+  1-0

[Event "10th Battle of Senta 1697 Open"]
[Site "Senta SCG"]
[Date "2006.07.22"]
[Round "3"]
[White "Farkas,Ti"]
[Black "Arsovic,G"]
[Result "0-1"]
[WhiteElo "2313"]
[BlackElo "2483"]

1.e4 c5 2.Nf3 d6 3.d4 cxd4 4.Nxd4 Nf6 5.Nc3 a6 6.f3 e5 7.Nb3 Be6 8.Be3 Be7
9.Qd2 O-O 10.O-O-O Nbd7 11.g4 Qc7 12.Kb1 b5 13.g5 Nh5 14.Nd5 Bxd5 15.exd5 Nb6
16.Qf2 Rab8 17.Rg1 Nc4 18.Bc1 g6 19.Bh3 Rfe8 20.Bg4 Nf4 21.h4 Bf8 22.Qh2 Bg7
23.h5 a5 24.Rge1 b4 25.Re4 a4 26.Nd2 Na3+ 27.bxa3 Nxd5 28.Rc4 bxa3+  0-1

[Event "ITT"]
[Site "Villa Martelli ARG"]
[Date "2006.07.25"]
[Round "2"]
[White "Della Morte,P"]
[Black "Zuriel,M"]
[Result "1-0"]
[WhiteElo "2284"]
[BlackElo "2186"]

1.e4 c5 2.Nf3 d6 3.d4 cxd4 4.Nxd4 Nf6 5.Nc3 a6 6.f3 e6 7.Be3 b5 8.Qd2 Nbd7
9.g4 Nb6 10.Qf2 Nfd7 11.O-O-O Bb7 12.Kb1 Rc8 13.Nce2 Nc4 14.Bc1 d5 15.exd5 Bxd5
16.Nf4 Ndb6 17.g5 Bc5 18.Qe1 O-O 19.Nb3 Bd6 20.Nxd5 Nxd5 21.Bd3 Qc7 22.h4 Ne5
23.Be4 Rfd8 24.f4 Nc4 25.Bxd5 exd5 26.Qf2 Bf8 27.f5 a5 28.Nd4 b4 29.g6 a4
30.h5 Na3+ 31.bxa3 bxa3 32.Qf3 Rb8+ 33.Ka1 Bb4 34.gxf7+ Kxf7 35.Rh3 Qc5 36.Ne6 Qxc2
37.Nxd8+ Rxd8 38.Qd3 Qg2 39.Rg3 Qf2 40.h6 Bf8 41.Qe3 Qxe3 42.Rxe3 gxh6 43.Bxa3 Bg7+  1-0

[Event "MTO Open"]
[Site "Biel SUI"]
[Date "2006.07.26"]
[Round "3"]
[White "Kurmann,O"]
[Black "Cvitan,O"]
[Result "1/2-1/2"]
[WhiteElo "2331"]
[BlackElo "2539"]

1.e4 c5 2.Nf3 d6 3.d4 cxd4 4.Nxd4 Nf6 5.Nc3 a6 6.f3 e6 7.Be3 Be7 8.Qd2 Nc6
9.g4 O-O 10.O-O-O Nxd4 11.Qxd4 Nd7 12.Kb1 b5 13.g5 Rb8  1/2-1/2

[Event "ITT"]
[Site "Villa Martelli ARG"]
[Date "2006.07.27"]
[Round "4"]
[White "Della Morte,P"]
[Black "Goldwaser,C"]
[Result "0-1"]
[WhiteElo "2284"]
[BlackElo "2359"]

1.e4 c5 2.Nf3 d6 3.d4 cxd4 4.Nxd4 Nf6 5.Nc3 a6 6.f3 e5 7.Nb3 Be6 8.Be3 Nbd7
9.Qd2 b5 10.g4 Nb6 11.g5 Nh5 12.Nd5 Bxd5 13.exd5 Rc8 14.Qa5 Nxd5 15.Qxa6 Nxe3
16.Bxb5+ Ke7 17.Qa7+ Qc7 18.Qxe3 Nf4 19.Rg1 g6 20.c4 h6 21.O-O-O hxg5 22.Kb1 Rxh2
23.c5 Kf6 24.c6 d5 25.a4 Rb8 26.Qe1 Bd6 27.Nd2 Bb4 28.Ne4+ dxe4 29.Qxb4 Nd3
30.Qxe4 Rxb5 31.Rxd3 Rbxb2+ 32.Kc1 Rb1+ 33.Kxb1 Qb6+ 34.Kc1 Qb2+  0-1

[Event "HZ Open"]
[Site "Vlissingen NED"]
[Date "2006.08.06"]
[Round "3"]
[White "Navarrete Delgado,S"]
[Black "Negi,P"]
[Result "0-1"]
[WhiteElo "2210"]
[BlackElo "2480"]

1.e4 c5 2.Nf3 d6 3.d4 cxd4 4.Nxd4 Nf6 5.Nc3 a6 6.f3 e5 7.Nb3 Be7 8.Be3 O-O
9.Qd2 Be6 10.O-O-O Nbd7 11.g4 b5 12.g5 b4 13.Ne2 Ne8 14.f4 a5 15.f5 a4 16.Nbd4 exd4
17.Nxd4 b3 18.Kb1 bxc2+ 19.Nxc2 Bxa2+ 20.Kxa2 Ne5 21.h4 Qb8 22.Qb4 Qc7 23.Na3 d5
24.Qb6 Qxb6 25.Bxb6 dxe4 26.Bg2 Rb8 27.Bd4 Nf3 28.Bxf3 exf3 29.Rhe1 Rb7 30.Re3 f6
31.g6 hxg6 32.fxg6 Rd7 33.Rxf3 Nc7 34.Nc2 Ne6 35.Re1 Nxd4 36.Nxd4 Rxd4 37.Rxe7 Rxh4
38.Rg3 f5 39.Ra7 Re4 40.Ra6 Rb8 41.Rg2 Rf4 42.Ra5 Rf8 43.Ka3 Rf3+ 44.Ka2 Rf4
45.Ka3 Rf1 46.Ka2 f4 47.Rxa4 f3 48.Rgg4 Re1 49.Raf4 Re6 50.Rxf8+ Kxf8 51.Rg1 Rxg6
52.Rf1 Rf6 53.b4 g5 54.b5 g4 55.Ka3 g3 56.b6 f2  0-1

[Event "Open"]
[Site "Predeal ROM"]
[Date "2006.08.13"]
[Round "2"]
[White "Berescu,A"]
[Black "Grigore,N"]
[Result "1-0"]
[WhiteElo "2491"]
[BlackElo "2362"]

1.e4 c5 2.Nf3 d6 3.d4 cxd4 4.Nxd4 Nf6 5.Nc3 a6 6.f3 e5 7.Nb3 Be6 8.Be3 Nbd7
9.Qd2 b5 10.O-O-O b4 11.Nd5 Bxd5 12.exd5 Nb6 13.Qxb4 Nfxd5 14.Bxb6 Nxb4 15.Bxd8 Kxd8
16.Na5 Rc8 17.Bc4 f6 18.Rhe1 g6 19.Kb1 Nc6 20.Nxc6+ Rxc6 21.Bd5 Rb6 22.Re4 Bg7
23.Rc4 f5 24.b3 Rf8 25.a3 Kd7 26.Ka2 Rbb8 27.Rd3 Rfc8 28.Rdc3 Rxc4 29.Rxc4 a5
30.Ra4 Rb5 31.c4 Rc5 32.b4 axb4 33.axb4 Rc8 34.b5 e4 35.Ra7+  1-0

[Event "Open"]
[Site "Stare Mesto CZE"]
[Date "2006.08.13"]
[Round "4"]
[White "Walentukiewicz,M"]
[Black "Vymazal,B"]
[Result "1/2-1/2"]
[WhiteElo "2076"]
[BlackElo "2305"]

1.e4 c5 2.Nf3 d6 3.d4 cxd4 4.Nxd4 Nf6 5.Nc3 a6 6.f3 e6 7.Be3 Nbd7 8.Qd2 b5
9.O-O-O Bb7 10.g4 h6 11.h4 b4 12.Nce2 d5 13.Rg1 dxe4 14.g5 exf3 15.Ng3 Ne4
16.Nxe4 Bxe4 17.g6 Bd5 18.gxf7+ Kxf7 19.Bh3 Qf6 20.Nxe6 Bxe6 21.Bxe6+ Qxe6
22.Qxd7+ Qxd7 23.Rxd7+ Ke6 24.Rb7 g5 25.Bf2 Rg8 26.Re1+ Kd5 27.Rd1+ Kc6 28.Rb6+ Kc7
29.Rf6 Rg7 30.Rxf3 g4 31.Bg3+ Kb7 32.Rf6 Re8 33.Bf4 h5 34.Bh6 Rg8 35.Bf4 Rg7  1/2-1/2

[Event "Open"]
[Site "Stare Mesto CZE"]
[Date "2006.08.15"]
[Round "6"]
[White "Gruca,M"]
[Black "Jasny,S"]
[Result "0-1"]
[WhiteElo "2150"]
[BlackElo "2325"]

1.e4 c5 2.Nf3 d6 3.d4 cxd4 4.Nxd4 Nf6 5.Nc3 a6 6.f3 e6 7.Be3 b5 8.Qd2 Bb7
9.g4 h6 10.O-O-O Nbd7 11.h4 b4 12.Na4 Qa5 13.b3 Nc5 14.a3 Rc8 15.Qxb4 Qc7
16.Nxc5 dxc5 17.Qa4+ Nd7 18.Ne2 c4 19.Bf4 Qc6 20.Qxc6 Bxa3+ 21.Kb1 Bxc6 22.Nd4 e5
23.Nxc6 Rxc6 24.Be3 cxb3 25.cxb3 Ke7 26.Bc4 Bc5 27.Bc1 Rb8 28.Bd5 Rf6 29.g5 Rxf3
30.Rdf1 Rxf1 31.Rxf1 f6 32.g6 Nb6 33.Bf7 a5 34.Bd2 a4 35.Rc1 Nd7 36.Bd5 axb3
37.Bxh6 b2 38.Rc2 gxh6 39.g7 Bd4 40.g8=Q Rxg8 41.Bxg8 Kd6 42.Rg2 Nc5 43.Bd5 Na4
44.Ba8 Kc5 45.Bb7 Kb4 46.Bc6 Nb6 47.Ka2 Nc4 48.Rg8 Kc3 49.Ba4 Nd6 50.Rg4 Kd2
51.Kb1 Ke3 52.Bc2 Nc4 53.Rg3+ Kf4 54.Rh3 Nd2+ 55.Ka2 Nxe4 56.Bxe4 Kxe4 57.Rg3 Kf4
58.Rg6 e4  0-1

[Event "Stukkenjagers Weekend"]
[Site "Tilburg NED"]
[Date "2006.08.19"]
[Round "4"]
[White "Jap Tjoen San,L"]
[Black "Burg,T"]
[Result "0-1"]
[WhiteElo "2209"]
[BlackElo "2268"]

1.e4 c5 2.Nf3 d6 3.d4 cxd4 4.Nxd4 Nf6 5.Nc3 a6 6.f3 e5 7.Nb3 Be7 8.Be3 Be6
9.Qd2 O-O 10.O-O-O a5 11.Bb5 Nbd7 12.g4 Nb6 13.Qf2 Nfd7 14.Kb1 a4 15.Nc1 a3
16.b3 Rc8 17.Bxd7 Nxd7 18.Nb5 Qa5 19.Qe2 Nb6 20.Bxb6 Qxb6 21.c4 Qa6 22.Qd3 Rfd8
23.h4 Rc6 24.Nc3 Rc5 25.Rd2 Rdc8 26.N1e2 h6 27.Nd5 Bxd5 28.exd5 b5 29.cxb5 Qb6
30.g5 hxg5 31.hxg5 Bxg5 32.f4 Bh6 33.Ng3 Qc7 34.Ne2 exf4 35.Rdd1 f3 36.Nf4 Rc2
37.b6 Qxb6 38.Ne6 Qf2  0-1